Online
Catalog

Pedagogía de la imaginación poética / (Record no. 2607)

MARC details
000 -CABECERA
campo de control de longitud fija 01046cam a2200277 a 4500
001 - NÚMERO DE CONTROL
campo de control 000002773
005 - FECHA Y HORA DE LA ÚLTIMA TRANSACCIÓN
campo de control 20241010113234.0
008 - DATOS DE LONGITUD FIJA--INFORMACIÓN GENERAL
campo de control de longitud fija 861010s1989 sp b 000 p spa d
020 ## - NÚMERO INTERNACIONAL ESTÁNDAR DEL LIBRO
Número Internacional Estándar del Libro 8477131724
040 ## - FUENTE DE LA CATALOGACIÓN
Centro catalogador/agencia de origen DO-SdBNP
Lengua de catalogación spa
Centro/agencia transcriptor BNPHU
082 ## - NÚMERO DE LA CLASIFICACIÓN DECIMAL DEWEY
Número de clasificación 808.1
Número de documento/Ítem J33p
100 1# - ENTRADA PRINCIPAL--NOMBRE DE PERSONA
Nombre de persona Janer Manila, Gabriel,
Fechas asociadas al nombre 1940-
9 (RLIN) 8742
240 10 - TÍTULO UNIFORME
Título uniforme Pedagogia de la imaginació poètica.
Lenguaje de la obra Español
245 10 - MENCIÓN DE TÍTULO
Título Pedagogía de la imaginación poética /
Mención de responsabilidad, etc. Gabriel Janer Manila ; traducción Angelina Gatell.
260 ## - PUBLICACIÓN, DISTRIBUCIÓN, ETC.
Lugar de publicación, distribución, etc. Barcelona :
Nombre del editor, distribuidor, etc. Aliorna,
Fecha de publicación, distribución, etc. 1989.
300 ## - DESCRIPCIÓN FÍSICA
Extensión 111 p. ;
Dimensiones 21 cm.
490 1# - MENCIÓN DE SERIE
Mención de serie Aliorna Teoría y Práctica
Designación de volumen o secuencia 5
504 ## - NOTA DE BIBLIOGRAFÍA, ETC.
Nota de bibliografía, etc. Incluye referencias bibliográficas.
534 ## - NOTA SOBRE LA VERSIÓN ORIGINAL
Encabezamiento principal del original Título original en catalán:
Mención de título del original Pedagogia de la imaginació poètica.
650 #4 - PUNTO DE ACCESO ADICIONAL DE MATERIA--TÉRMINO DE MATERIA
Término de materia o nombre geográfico como elemento de entrada Poética
Subdivisión general Técnicas de enseñanza
9 (RLIN) 8743
650 #4 - PUNTO DE ACCESO ADICIONAL DE MATERIA--TÉRMINO DE MATERIA
Término de materia o nombre geográfico como elemento de entrada Interpretación oral
Subdivisión general Técnicas de enseñanza
9 (RLIN) 8744
650 #0 - PUNTO DE ACCESO ADICIONAL DE MATERIA--TÉRMINO DE MATERIA
Término de materia o nombre geográfico como elemento de entrada Pedagogía
9 (RLIN) 693
700 1# - PUNTO DE ACCESO ADICIONAL--NOMBRE DE PERSONA
Nombre de persona Gatell, Angelina,
Término indicativo de función/relación tr.
9 (RLIN) 8745
830 #0 - PUNTO DE ACCESO ADICIONAL DE SERIE-TÍTULO UNIFORME
Título uniforme Aliorna Teoría y Práctica;
Número de parte o sección de la obra 5
9 (RLIN) 8746
910 ## - DATOS DE OPCIÓN DEL USUARIO (OCLC)
Datos de opción del usuario Validado. Control de calidad MMOLINA
Holdings
Estado de retiro Estado de pérdida Restricciones de uso No para préstamo Código de colección Localización permanente Ubicación/localización actual Ubicación en estantería Fecha de adquisición Número de inventario Total de préstamos Signatura topográfica completa Código de barras Fecha visto por última vez Precio válido a partir de Tipo de ítem Koha
      Excluido de préstamo Monografías: Libros y Folletos General General Depósito 03.07.2009 LF1   808.1 J33p 2773-10 25.06.2020 25.06.2020 No se presta

Powered by Koha